ბათუმის შოთა რუსთაველის სახელმწიფო უნივერსიტეტის ბიბლიოთეკა

ჯადოქარი დადის ქალაქში (ბიბ.ჩანაწერი № 49968)

000 -LEADER
fixed length control field 00734nam a2200217Ia 4500
001 - CONTROL NUMBER
control field 16904
003 - CONTROL NUMBER IDENTIFIER
control field GE_BSU
008 - FIXED-LENGTH DATA ELEMENTS--GENERAL INFORMATION
fixed length control field 181216s||||||||xx |||||||||||||| ||und||
040 ## - CATALOGING SOURCE
Transcribing agency GE_BSU
080 ## - UNIVERSAL DECIMAL CLASSIFICATION NUMBER
Universal Decimal Classification number 82-93:821.161.1-32
100 ## - MAIN ENTRY--PERSONAL NAME
Personal name ტომინი, ი.
245 ## - TITLE STATEMENT
Title ჯადოქარი დადის ქალაქში
245 ## - TITLE STATEMENT
Statement of responsibility, etc. მთარგმნ.: გ. კიკილაშვილი ; ილ.: ბ. კალაუშინი
260 ## - PUBLICATION, DISTRIBUTION, ETC.
Place of publication, distribution, etc. თბილისი
260 ## - PUBLICATION, DISTRIBUTION, ETC.
Name of publisher, distributor, etc. ნაკადული
260 ## - PUBLICATION, DISTRIBUTION, ETC.
Date of publication, distribution, etc. 1965
300 ## - PHYSICAL DESCRIPTION
Extent 214გვ. : ილ. ; 22სმ.
653 ## - INDEX TERM--UNCONTROLLED
Uncontrolled term მოთხრობა
653 ## - INDEX TERM--UNCONTROLLED
Uncontrolled term ჯადოქარი დადის ქალაქში
942 ## - ADDED ENTRY ELEMENTS (KOHA)
Koha item type წიგნი
ეგზემპლარები
Withdrawn status Lost status Damaged status Not for loan Date acquired Barcode Date last seen Price effective from Koha item type
        2018-12-17 21956 2018-12-17 2018-12-17 წიგნი
        2018-12-17 21957 2018-12-17 2018-12-17 წიგნი